Europe Minesweeper II Quiz Stats

 Plays Quiz Updated Feb 13, 2019

Support Sporcle.
Go Orange.
Score 0/39 Timer 05:00
14 Plays Today
% Correct
???
88.2%
???
85.1%
???
79.7%
???
79.7%
???
76.5%
???
75.1%
???
74.1%
???
73.4%
???
73.3%
???
73.3%
???
72.1%
???
71.6%
???
71.4%
???
71.4%
???
70.4%
???
70.4%
???
70%
???
68.8%
???
68.7%
???
68.4%
% Correct
???
68.4%
???
67.5%
???
67.3%
???
66.9%
???
66.6%
???
65.1%
???
64.8%
???
64.5%
???
64%
???
63.5%
???
62.3%
???
61%
???
60.4%
???
58.7%
???
56.5%
???
55.5%
???
53.2%
???
52.7%
???
51.3%

From the Vault

2010s Top Scorers: Los Angeles Lakers

by gazzso

Sports 2m
You're trying to figure out who led the Lake Show.
Remove Ads.
Support Sporcle.
Get the best of Sporcle when you Go Orange. This ad-free experience offers more features, more stats, and more fun while also helping to support Sporcle. Thank you for becoming a member.

Show Comments

Extras

Top Quizzes Today


Score Distribution

Your Account Isn't Verified!

In order to create a playlist on Sporcle, you need to verify the email address you used during registration. Go to your Sporcle Settings to finish the process.

Report this User

Report this user for behavior that violates our Community Guidelines.

Details: